000 00774cam a22002414a 4500
001 14078826
005 20180313081631.0
008 050818s2007 njua b 001 0 eng
010 _a 2005052712
020 _a0131866834
040 _aDLC
_cDLC
_dDLC
041 _aeng
042 _apcc
080 _a658.85 GER
082 0 0 _a658.85 GER
_222
100 1 _a54
101 _aMAN
245 1 0 _aSelling today :
_cGerald L. Manning, Barry L. Reece.
504 _aIncludes bibliographical references (p. 521-533) and indexes.
906 _a7
_bcbc
_corignew
_d1
_eocip
_f20
_gy-gencatlg
942 _2ddc
_cBK
999 _c44890
_d44890